Normal view
MARC view
- Brouillet, Chrystine,
Entry Nombre Personal
001 - NUMERO DE CONTROL
- campo de control: 42861
003 - IDENTIFICADOR DE NUMERO DE CONTROL
- campo de control: UPN
005 - FECHA Y HORA DE LA ÜLTIMA TRANSACCIÓN
- campo de control: 20210219194624.0
008 - DATOS DE LONGITUD FIJA
- campo de control de longitud fija: nabaccnnaabn|||||||||| b |nc|||||d
035 ## - NUMERO DE CONTROL
- Número de control: UPN11000014968
040 ## - FUENTE DE CATALOGACIÓN
- Lenguaje de catalogación: SPA
- Agencia de transcripción: UPN
100 1# - ENCABEZAMIENTO - NOMBRE PERSONAL
- Nombre personal: Brouillet, Chrystine,
- Fechas asociadas con el nombre: 1958-
670 ## - FUENTE EN LA QUE SE LOCALIZARON DATOS
- Cita de la fuente: T
- Uniform Resource Identifier: https://en.m.wikipedia.org/wiki/Chrystine_Brouillet
680 ## - NOTA PUBLICA DE ACCESO PÚBLICO
- Frase explicativa de la referencia: Novelista canadiense. Conocida en Quebec como autora de novelas para niños, adultos y jóvenes adultos. Se especializa en historia y suspenso
902 ## - CATALOGADOR
- Catalogador: EMR/230819
